La historia de mis documentos : desde la revolución de mayo hasta el triunfo federal /
Guardado en:
| Autor Principal: | |
|---|---|
| Formato: | Libro |
| Publicado: |
Buenos Aires :
Huemul,
1987
|
| Edición: | 7a. ed. |
| Series: | Textos Huemul / dirigida por Elsa Riba ; Alberto Pescetto
|
| Materias: | |
| Etiquetas: |
Agregar Etiqueta
Sin Etiquetas, Sea el primero en etiquetar este registro!
|
| LEADER | 01297nam a22002535a 4500 | ||
|---|---|---|---|
| 001 | CEM.cems004376 | ||
| 008 | 130507s1987##################000#0#####d | ||
| 005 | 20210907184133.0 | ||
| 003 | CEMS | ||
| 245 | 1 | 0 | |a La historia de mis documentos : |b desde la revolución de mayo hasta el triunfo federal / |c Graciela Meroni |
| 250 | |a 7a. ed. | ||
| 260 | |a Buenos Aires : |b Huemul, |c 1987 | ||
| 300 | |a 190 p. | ||
| 490 | 0 | |a Textos Huemul / dirigida por Elsa Riba ; Alberto Pescetto | |
| 505 | 0 | |a El proceso revolucionario de mayo de 1810 -- La obra revolucionario del primer año -- La revolución sigue en marcha ... aunque las rivalidades se manifiesten -- Comienzos de soberanía -- La independencia -- Itinerario a través de las provincias unidas hacia 1820 -- Disolución del vinculo nacional y aislamiento provincial -- Ensayo de unificación nacional -- Hacia el predominio federal | |
| 020 | |a 9501001393 | ||
| 100 | 1 | |a Meroni, Graciela | |
| 082 | 0 | 4 | |a 982.03 |
| 653 | |a Historia | ||
| 653 | |a Historia argentina | ||
| 653 | |a Historia argentina - documentos | ||
| 859 | |a CEMS |b BIB. CEMS - 11 de abril |h 982.03 |i M549a7 |p 14797.87 |t Ej.1 |v 2 |3 2 | ||
| 859 | |a CEMS |b BIB. CEMS - Agricultura |h 982.03 |i M549a7 |p A17899.94 |t Ej.1 |v 2 |3 2 | ||
| 859 | |a CEMS |b BIB. CEMS - 11 de abril |h 982.03 |i M549a7 |p 14798.87 |t Ej.2 |v 2 |3 2 | ||
